Yoga for common ailments

Bibliographic Details
Main Author: NAGARATHNA R
Format: Book
Published: London : Gaia Books , 1990
Subjects:

MARC

LEADER 00000cam a2200000 7i4500
001 0000001353
002 000001490
005 20000330.0
020 |a 1856750108 
090 0 0 |a 615.89   |b NAG 
100 1 |a NAGARATHNA R   |f Dr 
245 1 0 |a Yoga for common ailments   |c Dr. R. Nagarathna, Dr. HR Nagendra and Dr. Robin Monro 
260 |a London :   |b Gaia Books ,   |c 1990 
300 |a 95p. ;   |c 25cm. 
650 0 0 |a Man   |x Theraphy#   |a Yoga   |x Therapeutic use 
999 |a 032727   |b BUKU   |c PINJAMAN   |e PERPUSTAKAAN KOMUNITI PETALING JAYA 
999 |a 032728   |b BUKU   |c PINJAMAN   |e PERPUSTAKAAN KOMUNITI PETALING JAYA